Candidats de la Star Academy (saison 1 à 12) - Statistiques

Statistiques générales
  • Ce quiz a été pris 818 fois
  • Le résultat moyen est 73 sur 188
Statistiques - réponses
Hint Réponse % Correct
Saison 1 Jenifer
79%
Saison 1 | Saison 4 Grégory
77%
Saison 12 | Saison 2 Emma
76%
Saison 11 | Saison 3 | Saison 5 | Saison 7 Pierre
74%
Saison 4 Lennie
71%
Saison 12 Marine
70%
Saison 12 Julie
69%
Saison 11 Lénie
67%
Saison 2 Nolwenn
65%
Saison 12 Paul
65%
Saison 12 Ebony
64%
Saison 11 Héléna
64%
Saison 10 | Saison 11 | Saison 9 Louis
64%
Saison 4 | Saison 7 Lucie
64%
Saison 10 | Saison 11 Julien
63%
Saison 12 | Saison 7 Maureen
63%
Saison 12 Charles
61%
Saison 1 Jean Pascal
61%
Saison 12 Franck
60%
Saison 12 Marguerite
60%
Saison 12 Maïa
58%
Saison 12 Ulysse
58%
Saison 11 Axel
57%
Saison 11 Candice
57%
Saison 11 Margot
57%
Saison 12 Thomas
57%
Saison 10 Anisha
55%
Saison 12 Masséo
55%
Saison 12 Noah
55%
Saison 11 Clara
54%
Saison 3 Elodie
54%
Saison 10 Léa
54%
Saison 11 Djebril
53%
Saison 11 Lola
53%
Saison 11 Marie Maud
53%
Saison 1 Mario
53%
Saison 12 Maylis
53%
Saison 3 Sofia
53%
Saison 4 Karima
52%
Saison 11 Victorien
52%
Saison 1 Olivia
51%
Saison 10 Enola
49%
Saison 5 | Saison 8 Laure
49%
Saison 7 | Saison 8 Quentin
49%
Saison 1 Carine
47%
Saison 2 Houcine
47%
Saison 3 Michal
47%
Saison 1 Patrice
47%
Saison 2 | Saison 5 | Saison 7 Jérémy
46%
Saison 2 Georges Alain
44%
Saison 5 Magalie
44%
Saison 2 | Saison 3 Stéphanie
44%
Saison 3 Anne
43%
Saison 4 | Saison 7 Mathieu
43%
Saison 10 Tiana
43%
Saison 10 Carla
42%
Saison 10 Chris
42%
Saison 1 Jessica
42%
Saison 2 Aurélie
41%
Saison 1 Catherine
40%
Saison 1 Stéphane
40%
Saison 10 Amisse
39%
Saison 1 Cécile
39%
Saison 6 Cyril
39%
Saison 4 Morgan
39%
Saison 10 Paola
39%
Saison 10 Stanislas
39%
Saison 2 | Saison 7 Eva
38%
Saison 4 Sofiane
38%
Saison 2 Alexandre
37%
Saison 1 Amandine
37%
Saison 4 | Saison 5 Emilie
37%
Saison 2 Fabien
37%
Saison 3 Patxi
37%
Saison 3 | Saison 9 Romain
37%
Saison 4 Francesca
36%
Saison 1 François
36%
Saison 3 Lukas
36%
Saison 10 Ahcène
35%
Saison 10 Cenzo
35%
Saison 2 Isabelle
35%
Saison 5 Pascal
35%
Saison 1 Sidonie
35%
Saison 1 Djalil
34%
Saison 3 | Saison 8 Edouard
34%
Saison 4 Hoda
34%
Saison 3 Valérie
33%
Saison 2 Florence
32%
Saison 1 Khalifa
32%
Saison 3 Morganne
32%
Saison 2 Anne Laure
31%
Saison 5 Maud
31%
Saison 3 Michael
31%
Saison 9 Laurène
30%
Saison 5 Chloé
29%
Saison 4 Harlem
29%
Saison 4 John
29%
Saison 3 Amina
28%
Saison 5 Grégoire
28%
Saison 4 Sébastien
28%
Saison 8 Alice
27%
Saison 6 Dominique
27%
Saison 3 Icaro
27%
Saison 2 Philippe
27%
Saison 4 Radia
27%
Saison 4 Sandy
27%
Saison 5 | Saison 7 Alexia
26%
Saison 4 Gauthier
26%
Saison 3 Marjorie
26%
Saison 7 Antoine
25%
Saison 4 Enrique
25%
Saison 5 Jean Luc
25%
Saison 6 Marina
25%
Saison 5 Mickael
25%
Saison 8 Mickels
25%
Saison 6 Nicolas
25%
Saison 9 Pauline
25%
Saison 7 Alexandra
24%
Saison 5 Arno
24%
Saison 2 Nazim
24%
Saison 2 Rudy
24%
Saison 9 Daniel
23%
Saison 5 Jill
23%
Saison 6 Laurent
23%
Saison 8 Ana
22%
Saison 7 Claire Marie
22%
Saison 6 Cynthia
22%
Saison 4 Tina
22%
Saison 9 Tony
22%
Saison 6 Céline
21%
Saison 6 Elfy
21%
Saison 5 Ely
21%
Saison 6 Ludovic
21%
Saison 7 Noémie
21%
Saison 8 Anissa
20%
Saison 6 Bastien
20%
Saison 6 David
20%
Saison 6 Gael
20%
Saison 8 Gautier
20%
Saison 8 Julia
20%
Saison 9 Mathilde
20%
Saison 5 Moises
20%
Saison 9 Sidoine
20%
Saison 9 Zayra
20%
Saison 7 Bertrand
19%
Saison 6 Faustine
19%
Saison 8 Harold
19%
Saison 9 Nancy
19%
Saison 5 Nassim et Neissa
19%
Saison 8 Solène
19%
Saison 9 Tad
19%
Saison 9 Vanina
19%
Saison 6 Brice
18%
Saison 6 Jean Charles
18%
Saison 8 Joanna
18%
Saison 7 Dojima
17%
Saison 8 Gaetan
17%
Saison 6 Judith
17%
Saison 9 Manika
17%
Saison 8 Maryline
17%
Saison 7 Sevan
17%
Saison 7 Yaelle
17%
Saison 7 Claudia
16%
Saison 6 Eloisha
16%
Saison 6 Fafa
16%
Saison 9 Jimmy
16%
Saison 8 Yvane
16%
Aucun quiz correspondant
Distribution des résultats
% des personnes avec chaque résultat
Percentile par nombre de réponses
Votre historique - résultats
Vous n’avez pas pris ce quiz